Sports Quiz

Random Sports or NFL Quiz
Score 0/40 Timer 06:00
0 Plays Today
% Correct
Curtis Martin
86.3%
Curtis Martin
86.3%
Thurman Thomas
82.5%
Ricky Williams
81.4%
Delvin Williams
80.9%
O.J. Simpson
78.1%
LeSean McCoy
69.7%
Corey Dillon
66.4%
Larry Csonka
65.1%
Thomas Jones
59.3%
Fred Jackson
57.1%
Ronnie Brown
50.7%
Mercury Morris
42.6%
LeGarrette Blount
41.4%
Kevin Faulk
40.3%
C.J. Spiller
35.1%
Lamar Miller
34.7%
Freeman McNeil
33.1%
Willis McGahee
33.1%
Travis Henry
30.8%
% Correct
Bilal Powell
29%
Sam Cunningham
25.2%
Jim Kiick
21.9%
Karim Abdul-Jabbar
18.3%
John Riggins
18.1%
Matt Snell
17.5%
Emerson Boozer
16.7%
Jim Nance
16.4%
Joe Cribbs
12.9%
Tony Collins
10.6%
Adrian Murrell
10.5%
Tony Nathan
10.3%
John Stephens
9.9%
Cookie Gilchrist
6.7%
Johnny Hector
6%
Mark Higgs
3.5%
Don Calhoun
2.7%
Bill Mathis
2.2%
Wray Carlton
2%
Larry Garron
1.9%

You're not logged in!

Compare scores with friends on all Sporcle quizzes.
OR
Log In

Sporcle TV

Today on Sporcle TV


Watch our educational content, quiz creation guides, and fun videos on Sporcle TV.

Show Comments

Extras

Top Quizzes Today


Score Distribution

Paid Content

Your Account Isn't Verified!

In order to create a playlist on Sporcle, you need to verify the email address you used during registration. Go to your Sporcle Settings to finish the process.

Report this User

Report this user for behavior that violates our Community Guidelines.

Details: